000 00308 a2200109 4500
001 ART_50039
005 20260410161730.0
008 260409a
245 1 0 _aUso justo en la era digital
100 1 _aCorrea, Carlos María
773 0 _tLecciones y ensayos
_g- Nº 79 (ene. 2004)
_wREV2658
999 _c17758
_d17758